Modern banking (Record no. 154150)

MARC details
000 -LEADER
fixed length control field 01482cam a2200349Ii 4500
001 - CONTROL NUMBER
control field vtls003255714
003 - CONTROL NUMBER IDENTIFIER
control field MY-SjTCS
005 - DATE AND TIME OF LATEST TRANSACTION
control field 20200508124814.0
006 - FIXED-LENGTH DATA ELEMENTS--ADDITIONAL MATERIAL CHARACTERISTICS
fixed length control field m o d
007 - PHYSICAL DESCRIPTION FIXED FIELD--GENERAL INFORMATION
fixed length control field cr cnu---unuuu
008 - FIXED-LENGTH DATA ELEMENTS--GENERAL INFORMATION
fixed length control field 140331s2005 enk ob 001 0 eng d
016 7# - NATIONAL BIBLIOGRAPHIC AGENCY CONTROL NUMBER
Canceled/invalid control number 012937318
Source Uk
019 ## -
-- 229924615
-- 647761688
020 ## - INTERNATIONAL STANDARD BOOK NUMBER
International Standard Book Number 0470020040 (electronic bk.)
020 ## - INTERNATIONAL STANDARD BOOK NUMBER
International Standard Book Number 9780470020043 (electronic bk.)
020 ## - INTERNATIONAL STANDARD BOOK NUMBER
Canceled/invalid ISBN 0470095008 (pbk.)
035 ## - SYSTEM CONTROL NUMBER
System control number (OCoLC)60423498
035 ## - SYSTEM CONTROL NUMBER
System control number (OCoLC)ocm60423498
039 #9 - LEVEL OF BIBLIOGRAPHIC CONTROL AND CODING DETAIL [OBSOLETE]
-- 201403311030
-- shuhada
040 ## - CATALOGING SOURCE
Original cataloging agency N$T
Language of cataloging eng
Transcribing agency N$T
Modifying agency OCL
-- OCLCQ
-- YDXCP
-- OCLCQ
-- AUD
-- SHH
-- E7B
-- OCLCQ
-- REDDC
-- OCLCQ
-- MERUC
-- IDEBK
-- OCLCQ
-- OCLCF
082 04 - DEWEY DECIMAL CLASSIFICATION NUMBER
Classification number 332.1
Edition number 22
100 1# - MAIN ENTRY--PERSONAL NAME
Personal name Heffernan, Shelagh A.,
Dates associated with a name 1956-
245 10 - TITLE STATEMENT
Title Modern banking
Medium [electronic resource] /
Statement of responsibility, etc. Shelagh Heffernan.
260 ## - PUBLICATION, DISTRIBUTION, ETC.
Place of publication, distribution, etc. Chichester :
Name of publisher, distributor, etc. Wiley,
Date of publication, distribution, etc. c2005.
300 ## - PHYSICAL DESCRIPTION
Extent 1 online resource (xix, 716 p.) :
Other physical details graphs, tables.
504 ## - BIBLIOGRAPHY, ETC. NOTE
Bibliography, etc. note Includes bibliographical references (p. [653]-681) and index.
588 ## - SOURCE OF DESCRIPTION NOTE
Source of description note Description based on print version record.
650 #0 - SUBJECT ADDED ENTRY--TOPICAL TERM
Topical term or geographic name entry element Banks and banking.
655 #4 - INDEX TERM--GENRE/FORM
Genre/form data or focus term Electronic books.
776 08 - ADDITIONAL PHYSICAL FORM ENTRY
Relationship information Print version:
Main entry heading Heffernan, Shelagh A., 1956-
Title Modern banking.
Place, publisher, and date of publication Chichester : Wiley, c2005
International Standard Book Number 0470095008
Record control number (OCoLC)57440927
856 40 - ELECTRONIC LOCATION AND ACCESS
Uniform Resource Identifier https://ezproxy.taylors.edu.my/login?url=http://search.ebscohost.com/login.aspx?direct=true&scope=site&db=nlebk&db=nlabk&AN=130861
Public note An electronic book accessible through the World Wide Web; click to view
Holdings
Withdrawn status Lost status Source of classification or shelving scheme Damaged status Not for loan Home library Current library Date acquired Cost, normal purchase price Total Checkouts Date last seen Price effective from Koha item type Public note
    Dewey Decimal Classification   e-book Taylor's Library-TU Taylor's Library - Perpetual(TU) 21/02/2020 490.88   21/02/2020 21/02/2020 Main Collection TBSxx,34005,03,RA,PPT | TBSxx,34005,03,RA